Swarm intelligence based approach to identify seed nodes in social networks for influence maximization in viral campaigns (Record no. 4905)

MARC details
000 -LEADER
fixed length control field 00554nam a22001577a 4500
003 - CONTROL NUMBER IDENTIFIER
control field OSt
005 - DATE AND TIME OF LATEST TRANSACTION
control field 20220107122807.0
008 - FIXED-LENGTH DATA ELEMENTS--GENERAL INFORMATION
fixed length control field 160225b xxu||||| |||| 00| 0 eng d
040 ## - CATALOGING SOURCE
Transcribing agency
100 ## - MAIN ENTRY--PERSONAL NAME
Personal name Prem Sankar C ( 93514001)
9 (RLIN) 8185
245 ## - TITLE STATEMENT
Title Swarm intelligence based approach to identify seed nodes in social networks for influence maximization in viral campaigns
502 ## - DISSERTATION NOTE
Degree type Master of Philosophy in Computer Science
Name of granting institution 2014-2015
Year degree granted INT
-- Asharaf S
650 ## - SUBJECT ADDED ENTRY--TOPICAL TERM
Topical term or geographic name entry element ALGORITHM DESIGN TECHNIQUES
9 (RLIN) 8186
650 ## - SUBJECT ADDED ENTRY--TOPICAL TERM
Topical term or geographic name entry element SWARM INTELLIGENCE
9 (RLIN) 8187
942 ## - ADDED ENTRY ELEMENTS (KOHA)
Source of classification or shelving scheme Dewey Decimal Classification
Koha item type
Holdings
Withdrawn status Lost status Source of classification or shelving scheme Damaged status Not for loan Home library Current library Date acquired Total Checkouts Barcode Date last seen Price effective from Koha item type
    Dewey Decimal Classification     IIITM-K Kerala University of Digital Sciences, Innovation and Technology Knowledge Centre 25/02/2016   R-622 25/02/2016 25/02/2016 Project Reports